[Event "12. Lichtenberger Sommer"]
[Site "Berlin"]
[Date "2013.08.23"]
[Round "7.104"]
[White "Schrade, Ulrich"]
[Black "Jiranek, Benno"]
[Result "1-0"]
[WhiteElo "1528"]
[BlackElo "1480"]
[PlyCount "89"]
[EventDate "2013.??.??"]
[WhiteTeam "SV Trossingen"]
[BlackTeam "SC Kreuzberg e.V."]

1. e4 e5 2. Nf3 Nc6 3. d4 exd4 4. Nxd4 Nxd4 5. Qxd4 c5 6. Qe5+ Qe7 7. Bf4 d6 8.
Qxe7+ Bxe7 9. Nc3 a6 10. Nd5 Kd8 11. O-O-O Rb8 12. Nxe7 Nxe7 13. Rxd6+ Bd7 14.
Rxa6 Rc8 15. Rd6 Rc6 16. Rd2 c4 17. Be2 Ng6 18. Rhd1 Nxf4 19. Rxd7+ Kc8 20. Bg4
Ne6 21. Rxf7 Kb8 22. Bxe6 Rxe6 23. f3 g6 24. Rdd7 Rb6 25. Rc7 Rd8 26. Rfd7 Re8
27. Rxc4 h5 28. Rcd4 Rc8 29. R7d6 Rbc6 30. Rxc6 Rxc6 31. Rd5 Kc7 32. b4 Rc3 33.
Rc5+ Rxc5 34. bxc5 Kc6 35. Kd2 Kxc5 36. h4 b5 37. Kc3 Kd6 38. Kb4 Ke5 39. c4
bxc4 40. Kxc4 Kf4 41. a4 Kg3 42. e5 Kxh4 43. e6 g5 44. e7 Kg3 45. e8=Q 1-0

[Event "12. Lichtenberger Sommer"]
[Site "Berlin"]
[Date "2013.08.23"]
[Round "7.105"]
[White "Gnaß, Erhard"]
[Black "Duric, Rajko"]
[Result "1-0"]
[WhiteElo "1529"]
[BlackElo "1737"]
[PlyCount "161"]
[EventDate "2013.??.??"]
[WhiteTeam "SK Zehlendorf e.V."]
[BlackTeam "SC Kreuzberg e.V."]

1. Nf3 Nf6 2. g3 b6 3. Bg2 Bb7 4. O-O Nc6 5. d3 d5 6. d4 e6 7. c3 Be7 8. Bg5
Ne4 9. Bxe7 Nxe7 10. Nbd2 Nd6 11. Re1 O-O 12. Qc2 f6 13. Bh3 Bc8 14. Bg2 Rb8
15. e4 dxe4 16. Nxe4 Nxe4 17. Qxe4 Qd5 18. Qxd5 Nxd5 19. Re2 Kf7 20. Rd1 c6 21.
c4 Ba6 22. Rc1 Ne7 23. b3 Rfd8 24. Rce1 Bc8 25. Rc1 Nf5 26. d5 cxd5 27. cxd5
exd5 28. Rc7+ Rd7 29. Rec2 Ne7 30. Nd4 Rxc7 31. Rxc7 Kf8 32. Rxa7 Rb7 33. Ne6+
Kg8 34. Rxb7 Bxb7 35. Bf1 Bc8 36. Nd4 Bd7 37. Bd3 g6 38. f4 f5 39. Kf2 Nc8 40.
Ke3 Nd6 41. a4 Kf7 42. h4 h5 43. Bb5 Bxb5 44. axb5 Ne4 45. Ne2 Ke6 46. b4 Kd6
47. Kf3 Nd2+ 48. Ke3 Nc4+ 49. Kd4 Na3 50. Nc3 Nc2+ 51. Kd3 Nxb4+ 52. Kd4 Ke6
53. Na4 Nc2+ 54. Kd3 Na3 55. Nxb6 Nxb5 56. Na4 Kd6 57. Nb6 Kc6 58. Na4 Nd6 59.
Nc3 Ne4 60. Ne2 Kc5 61. Nd4 Nxg3 62. Ne6+ Kd6 63. Nf8 Ne4 64. Nxg6 Nc5+ 65. Ke3
Ne6 66. Kd3 Kc5 67. Kc3 Nxf4 68. Nxf4 d4+ 69. Kd3 Kd6 70. Kxd4 Ke7 71. Ke5 Kf7
72. Kxf5 Kg7 73. Kg5 Kh7 74. Nxh5 Kh8 75. Kg6 Kg8 76. Nf4 Kh8 77. h5 Kg8 78.
Ne6 Kh8 79. h6 Kg8 80. Ng5 Kh8 81. Nf7+ 1-0

[Event "12. Lichtenberger Sommer"]
[Site "Berlin"]
[Date "2013.08.23"]
[Round "7.106"]
[White "Tschirschwitz, Stephan"]
[Black "Stiemerling, Karl-Heinz"]
[Result "1-0"]
[WhiteElo "1570"]
[BlackElo "1609"]
[PlyCount "125"]
[EventDate "2013.??.??"]
[WhiteTeam "SG Lasker Steglitz-Wilmersdorf"]
[BlackTeam "SG Eckturm"]

1. d4 d5 2. c4 c6 3. Qc2 g6 4. Bf4 Bg7 5. Nf3 Nd7 6. e3 e6 7. cxd5 exd5 8. Bd3
Ngf6 9. Bd6 Nb6 10. Bc5 Nfd7 11. Bb4 a5 12. Bd6 Bf8 13. Bxf8 Kxf8 14. Nbd2 Kg7
15. e4 Re8 16. O-O f6 17. a4 Nf8 18. Rfe1 Bg4 19. b3 dxe4 20. Rxe4 Qd7 21. Rae1
Bf5 22. Rxe8 Rxe8 23. Rxe8 Bxd3 24. Qxd3 Qxe8 25. Kf1 f5 26. Qc3 Nfd7 27. Qxa5
Nd5 28. Nc4 Qe4 29. Ncd2 Qd3+ 30. Kg1 Qe2 31. g3 f4 32. Qa7 fxg3 33. hxg3 Qa6
34. Qxa6 bxa6 35. Ne4 h6 36. Kf1 Kf7 37. Ke2 Nb8 38. Ne5+ Kg7 39. Nc5 Nb4 40.
Kd2 Kf6 41. Ned3 Nd5 42. Ke2 Kf5 43. Kf3 g5 44. g4+ Kf6 45. Ne4+ Ke6 46. Ndc5+
Ke7 47. Nd2 Nb4 48. Ke4 Kf6 49. Nf1 Nd5 50. Ne3 Nc3+ 51. Kd3 Na2 52. Kc4 a5 53.
Nc2 h5 54. gxh5 g4 55. Ne3 Kg5 56. h6 Kxh6 57. Nxg4+ Kg5 58. Ne5 Kf4 59. Ned3+
Kf5 60. d5 cxd5+ 61. Kxd5 Nc3+ 62. Kd6 Ne4+ 63. Kc7 1-0

[Event "12. Lichtenberger Sommer"]
[Site "Berlin"]
[Date "2013.08.23"]
[Round "7.107"]
[White "Bui, Bao Anh Le"]
[Black "Dathe, Frederick"]
[Result "1/2-1/2"]
[WhiteElo "1102"]
[BlackElo "1458"]
[PlyCount "56"]
[EventDate "2013.??.??"]
[WhiteTeam "Treptower SV 1949 e.V."]
[BlackTeam "Schachunion Berlin e.V."]

1. e4 c5 2. Nf3 Nc6 3. d4 cxd4 4. Nxd4 g6 5. Nc3 Bg7 6. Be3 d6 7. Qd2 Nf6 8. f3
O-O 9. O-O-O Bd7 10. Bc4 a6 11. g4 Rc8 12. Be2 Ne5 13. Kb1 b5 14. Bd3 Qc7 15.
h4 Nc4 16. Bxc4 Qxc4 17. Qe2 Qxe2 18. Ncxe2 Bc6 19. Nxc6 Rxc6 20. Nd4 Rc7 21.
h5 Re8 22. h6 Bh8 23. Rh2 Nd7 24. Nb3 Ne5 25. Rf2 Nc4 26. Bd4 b4 27. Bxh8 Kxh8
28. Rd5 Kg8 1/2-1/2

[Event "12. Lichtenberger Sommer"]
[Site "Berlin"]
[Date "2013.08.23"]
[Round "7.108"]
[White "Rose, Luis Stratos"]
[Black "Zesewitz, Maik"]
[Result "1/2-1/2"]
[WhiteElo "1410"]
[BlackElo "1579"]
[PlyCount "105"]
[EventDate "2013.??.??"]
[WhiteTeam "SC Kreuzberg e.V."]
[BlackTeam "SF Friedrichshagen"]

1. d4 d5 2. Nf3 Nf6 3. c4 e6 4. Nc3 Bb4 5. a3 Be7 6. Bg5 b6 7. e3 h6 8. Bh4 O-O
9. Bd3 Bb7 10. O-O dxc4 11. Bxc4 Nbd7 12. Rc1 c5 13. Qe2 Nd5 14. Bxe7 Qxe7 15.
Rfd1 N7f6 16. Ba6 Nxc3 17. Rxc3 Nd5 18. Rcc1 cxd4 19. Bxb7 Qxb7 20. Nxd4 Rac8
21. Qd2 Rxc1 22. Rxc1 Rc8 23. Rxc8+ Qxc8 24. Qc2 Qd7 25. Qc6 Qd8 26. Qc2 Qc7
27. Qxc7 Nxc7 28. Kf1 Kf8 29. Ke2 Ke8 30. e4 Kd7 31. Kd3 e5 32. Nf3 Kd6 33. Nd2
b5 34. b4 Ne6 35. g3 Nd4 36. f4 g6 37. h3 f5 38. fxe5+ Kxe5 39. exf5 gxf5 40.
h4 h5 41. Nf1 Nc6 42. Ne3 f4 43. gxf4+ Kxf4 44. Nd5+ Kg4 45. Nf6+ Kxh4 46. Nxh5
Kxh5 47. Ke4 a5 48. bxa5 Nxa5 49. Kd5 Nc4 50. Kc5 Nxa3 51. Kb4 Kg5 52. Kxa3 b4+
53. Kxb4 1/2-1/2

[Event "12. Lichtenberger Sommer"]
[Site "Berlin"]
[Date "2013.08.23"]
[Round "7.109"]
[White "Stark, Steven"]
[Black "Koerber, Bernhard"]
[Result "1/2-1/2"]
[WhiteElo "1529"]
[BlackElo "1611"]
[PlyCount "49"]
[EventDate "2013.??.??"]
[WhiteTeam "BSC Rehberge 1945 e.V."]
[BlackTeam "SG Lasker Steglitz-Wilmersdorf"]

1. e4 d6 2. h3 e5 3. Bc4 Nf6 4. Nc3 Be7 5. Nd5 Nxe4 6. Nxe7 Qxe7 7. Qf3 Nf6 8.
d3 Nc6 9. Bb5 Bd7 10. Ne2 O-O 11. O-O a6 12. Bxc6 Bxc6 13. Qg3 Rfe8 14. Bg5 Qe6
15. Rae1 Qf5 16. f3 Qg6 17. Bxf6 Qxf6 18. c3 Re6 19. d4 Rae8 20. dxe5 Qxe5 21.
Nf4 Qc5+ 22. Kh1 Rxe1 23. Rxe1 Rxe1+ 24. Qxe1 Qe5 25. Qd2 1/2-1/2

[Event "12. Lichtenberger Sommer"]
[Site "Berlin"]
[Date "2013.08.23"]
[Round "7.110"]
[White "Lippianowski, Stefan"]
[Black "Schmidek, Johann"]
[Result "0-1"]
[WhiteElo "1245"]
[BlackElo "1424"]
[PlyCount "54"]
[EventDate "2013.??.??"]
[WhiteTeam "Treptower SV 1949 e.V."]
[BlackTeam "vereinslos"]

1. e4 c5 2. Bc4 e6 3. Nc3 d6 4. d4 cxd4 5. Qxd4 Nc6 6. Bb5 Bd7 7. Bxc6 Bxc6 8.
Nf3 Be7 9. Qxg7 Bf6 10. Qg3 Qc7 11. O-O O-O-O 12. Be3 Kb8 13. Nd4 Ne7 14. f4
Rhg8 15. Qf2 Qa5 16. g3 Qh5 17. Nf3 Bxc3 18. Bxa7+ Kc8 19. Qe3 Bb4 20. Kg2 Bc5
21. Bxc5 Qxc5 22. Qxc5 dxc5 23. a4 Bxe4 24. c3 Ng6 25. Rfe1 Rd2+ 26. Kg1 Bxf3
27. Re3 Rd1+ 0-1

[Event "12. Lichtenberger Sommer"]
[Site "Berlin"]
[Date "2013.08.23"]
[Round "7.111"]
[White "Paris, Gerhard"]
[Black "Kammler, Hans-Joachim"]
[Result "1-0"]
[WhiteElo "1587"]
[BlackElo "1487"]
[PlyCount "34"]
[EventDate "2013.??.??"]
[WhiteTeam "TSG Oberschöneweide e.V."]
[BlackTeam "vereinslos"]

1. e4 e6 2. d4 Nf6 3. e5 Nd5 4. c4 Bb4+ 5. Bd2 Bxd2+ 6. Nxd2 Nb6 7. b4 d5 8. c5
N6d7 9. Ngf3 f6 10. Bb5 c6 11. Bd3 b6 12. O-O a5 13. bxa5 Rxa5 14. Nb3 Ra4 15.
Re1 Na6 16. Nh4 f5 17. Qh5+ Kf8 1-0

[Event "12. Lichtenberger Sommer"]
[Site "Berlin"]
[Date "2013.08.23"]
[Round "7.112"]
[White "Dittrich, Hans-Jürgen"]
[Black "Pilgrim, Wilfried"]
[Result "0-1"]
[WhiteElo "1380"]
[BlackElo "1508"]
[PlyCount "52"]
[EventDate "2013.??.??"]
[WhiteTeam "vereinslos"]
[BlackTeam "SC Kreuzberg e.V."]

1. c4 c5 2. g3 Nc6 3. Bg2 Nf6 4. e3 d5 5. cxd5 Nxd5 6. Nc3 Nf6 7. Nge2 e5 8.
O-O Be7 9. d3 O-O 10. a3 Bg4 11. h3 Bh5 12. f4 exf4 13. g4 Bg6 14. Nxf4 Ne5 15.
e4 h5 16. Nxg6 fxg6 17. Qb3+ Rf7 18. g5 Nh7 19. Rxf7 Nxf7 20. Nd5 b6 21. h4 Kh8
22. Nf4 Qd4+ 23. Kh1 Ne5 24. Bd2 Qf2 25. Be1 Qxf4 26. Qe6 Ng4 0-1

[Event "12. Lichtenberger Sommer"]
[Site "Berlin"]
[Date "2013.08.24"]
[Round "8.21"]
[White "Schmidt, Markus"]
[Black "Frübing, Thomas"]
[Result "0-1"]
[WhiteElo "2061"]
[BlackElo "2166"]
[PlyCount "158"]
[EventDate "2013.??.??"]
[WhiteTeam "SK Turm Bad Hersfeld"]
[BlackTeam "SF Friedrichshagen"]

1. e4 e6 2. b3 d5 3. Bb2 Nf6 4. e5 Nfd7 5. f4 Be7 6. Qg4 O-O 7. Nf3 f5 8. Qh3
b6 9. Nd4 Nc5 10. Be2 a5 11. O-O a4 12. Rf3 Qe8 13. Kh1 axb3 14. axb3 Rxa1 15.
Bxa1 Qf7 16. b4 Nb7 17. b5 Bc5 18. Na3 Na5 19. Nb3 Nxb3 20. Rxb3 Rd8 21. d4
Bxa3 22. Rxa3 c5 23. bxc6 Nxc6 24. Qb3 Qc7 25. Bc3 Bd7 26. Bb5 Rc8 27. Bxc6
Qxc6 28. Bb4 Qxc2 29. Qxc2 Rxc2 30. h4 Rc4 31. Ra8+ Kf7 32. Bd6 Ra4 33. Rf8+
Kg6 34. h5+ Kxh5 35. Rf7 Be8 36. Rxg7 Bg6 37. Re7 Rxd4 38. Rxe6 Kg4 39. Kh2
Rxf4 40. Be7 Re4 41. Rxb6 Rxe5 42. Bf6 Re2 43. Rb5 Rd2 44. Rb2 Rd1 45. Be5 Re1
46. Bd6 f4 47. Rf2 Re4 48. Rd2 Bf7 49. Bc5 Be6 50. Bf2 h5 51. Bc5 Kf5 52. Bd4
Re1 53. Bf2 Re3 54. g3 fxg3+ 55. Bxg3 Ke4 56. Bf2 d4 57. Kg2 Bh3+ 58. Kh2 Bf1
59. Kg1 Bc4 60. Kg2 Bb5 61. Kg1 Rd3 62. Rb2 Rd1+ 63. Kg2 Bf1+ 64. Kg3 Rc1 65.
Kh4 Rc5 66. Rd2 Bd3 67. Ra2 Rf5 68. Bg3 Bf1 69. Ra4 Ke3 70. Bh2 d3 71. Bg1+ Kf3
72. Ra1 Be2 73. Ra2 Kg2 74. Be3 Rf3 75. Bc1 Rh3+ 76. Kg5 Rg3+ 77. Kf4 h4 78.
Ke4 h3 79. Bf4 Rg4 0-1

[Event "12. Lichtenberger Sommer"]
[Site "Berlin"]
[Date "2013.08.24"]
[Round "8.22"]
[White "Schäfer, Heiko"]
[Black "Höckendorf, Hartmut"]
[Result "1-0"]
[WhiteElo "2020"]
[BlackElo "2194"]
[PlyCount "81"]
[EventDate "2013.??.??"]
[WhiteTeam "Potsdamer SV Mitte e.V."]
[BlackTeam "BSG Pneumant Fürstenwalde e.V."]

1. d4 Nf6 2. c4 g6 3. Nc3 Bg7 4. Nf3 d6 5. Bg5 h6 6. Bh4 g5 7. Bg3 Nh5 8. e3
Nxg3 9. hxg3 Bf5 10. Bd3 Bxd3 11. Qxd3 e6 12. d5 e5 13. g4 Na6 14. Nd2 Qd7 15.
f3 O-O-O 16. Nde4 h5 17. gxh5 g4 18. fxg4 Qxg4 19. Qe2 Qd7 20. g4 f5 21. gxf5
Rdf8 22. Ng3 e4 23. Ncxe4 Be5 24. O-O-O Rhg8 25. Rdg1 Qa4 26. Kb1 Qb4 27. f6 c6
28. Nf5 Rxg1+ 29. Rxg1 Nc7 30. Ne7+ Kb8 31. f7 Rxf7 32. Rg8+ Ne8 33. Rxe8+ Kc7
34. Nf2 Rg7 35. Rc8+ Kd7 36. dxc6+ bxc6 37. Nh3 Rxe7 38. Ra8 Qb7 39. Rg8 Rf7
40. Nf4 Qb4 41. Nd3 1-0

[Event "12. Lichtenberger Sommer"]
[Site "Berlin"]
[Date "2013.08.24"]
[Round "8.25"]
[White "Flick, Antoine"]
[Black "Khorolskyi, Borys"]
[Result "1-0"]
[WhiteElo "1954"]
[BlackElo "2100"]
[PlyCount "107"]
[EventDate "2013.??.??"]
[WhiteTeam "Philidor Mulhouse"]
[BlackTeam "vereinslos"]

1. d4 d5 2. c4 e6 3. Nf3 c5 4. cxd5 exd5 5. Nc3 Nc6 6. e3 Nf6 7. Be2 Be7 8. O-O
O-O 9. b3 Bg4 10. dxc5 Bxc5 11. Bb2 Re8 12. Rc1 Bd6 13. Nb5 Ne4 14. Nxd6 Qxd6
15. Nd4 Bxe2 16. Nxe2 Rad8 17. Qd3 a6 18. Rfd1 Ne5 19. Qxe4 dxe4 20. Rxd6 Rxd6
21. Bxe5 Rd2 22. Nd4 f6 23. Bg3 Rxa2 24. h3 Re7 25. Nf5 Rd7 26. Nd6 h6 27. Nxe4
b6 28. Nd6 Rd2 29. Rc6 h5 30. h4 Rd1+ 31. Kh2 b5 32. Rxa6 Rc7 33. Bf4 Rc2 34.
Kg3 Rdd2 35. Ne4 Rd3 36. b4 Rc4 37. Nc5 Rd2 38. Nb3 Rd3 39. Na5 Rxb4 40. Rb6
Rb2 41. Nc4 Rbb3 42. Nd6 b4 43. Ne4 Rb2 44. Bd6 b3 45. Bc5 Ra2 46. Kf3 Rc2 47.
Bd4 Ra2 48. Rb7 Rc2 49. Kf4 Rc4 50. Kf5 Kf8 51. Kg6 Rc6 52. g3 b2 53. Rxb2 Rc7
54. Nc5 1-0

[Event "12. Lichtenberger Sommer"]
[Site "Berlin"]
[Date "2013.08.24"]
[Round "8.26"]
[White "Mahn, Franko"]
[Black "Witte, Ronald"]
[Result "1/2-1/2"]
[WhiteElo "2172"]
[BlackElo "2040"]
[PlyCount "28"]
[EventDate "2013.??.??"]
[WhiteTeam "SC Weisse Dame e.V."]
[BlackTeam "BSV 63 Chemie Weißensee"]

1. d4 d5 2. c4 e6 3. Nc3 Nf6 4. Bg5 c6 5. e3 Be7 6. Nf3 Nbd7 7. Qc2 O-O 8. Rd1
Re8 9. a3 Nh5 10. Bxe7 Qxe7 11. Bd3 g6 12. cxd5 exd5 13. O-O Ndf6 14. h3 Ne4
1/2-1/2

[Event "12. Lichtenberger Sommer"]
[Site "Berlin"]
[Date "2013.08.24"]
[Round "8.27"]
[White "Martin, Julian"]
[Black "Stiemerling, Wilfried"]
[Result "1-0"]
[WhiteElo "1888"]
[BlackElo "2158"]
[PlyCount "84"]
[EventDate "2013.??.??"]
[WhiteTeam "OSG Baden-Baden"]
[BlackTeam "BSG Pneumant Fürstenwalde e.V."]

1. e4 e6 2. d4 d5 3. Nd2 Nf6 4. e5 Nfd7 5. Bd3 c5 6. c3 Nc6 7. Ne2 cxd4 8. cxd4
f6 9. exf6 Qxf6 10. Nf3 Bb4+ 11. Bd2 Bxd2+ 12. Qxd2 O-O 13. Bc2 Nb6 14. b3 e5
15. dxe5 Nxe5 16. Nxe5 Qxf2+ 17. Kd1 Qxg2 18. Rg1 Rf1+ 19. Rxf1 Qxf1+ 20. Qe1
Qf6 21. Qc3 d4 22. Qxd4 Be6 23. Nd3 Qg5 24. Qf4 Qg2 25. Kd2 Rc8 26. Rc1 Nd5 27.
Qg3 Qe4 28. Qe5 Qxe5 29. Nxe5 Rd8 30. Ke1 Re8 31. Kf2 Nb4 32. Bb1 Bd5 33. Nf3
Rf8 34. Ned4 Nc6 35. Kg3 Re8 36. Rc5 Nxd4 37. Nxd4 Rd8 38. Nf5 Kf8 39. Ne3 Bc6
40. Bxh7 Rd2 41. Rc2 Rd6 42. Rf2+ Ke7 1-0

[Event "12. Lichtenberger Sommer"]
[Site "Berlin"]
[Date "2013.08.24"]
[Round "8.28"]
[White "Cvetanovic, Damjan"]
[Black "Stark, Ingo"]
[Result "1/2-1/2"]
[WhiteElo "1937"]
[BlackElo "2134"]
[PlyCount "82"]
[EventDate "2013.??.??"]
[WhiteTeam "Promocija Novi-Sad"]
[BlackTeam "TSG Oberschöneweide e.V."]

1. d4 b5 2. e4 Bb7 3. f3 a6 4. a4 b4 5. Bd3 e6 6. Be3 Nf6 7. Ne2 d6 8. O-O Nbd7
9. c4 bxc3 10. bxc3 c5 11. Nd2 Qc7 12. Qe1 g6 13. Qh4 Bg7 14. Nc4 O-O 15. Rfb1
Rfb8 16. Qg3 Ne8 17. Bf4 e5 18. dxe5 Nxe5 19. Nxe5 Bxe5 20. Bxe5 dxe5 21. c4
Qd6 22. Rd1 Bc6 23. Qf2 Rb2 24. Qe3 Rab8 25. Nc3 Qd4 26. Nd5 Kf8 27. Kf1 Qxe3
28. Nxe3 a5 29. Be2 R8b4 30. Rd8 Rb1+ 31. Rxb1 Rxb1+ 32. Kf2 Ke7 33. Rd1 Rxd1
34. Bxd1 Nd6 35. g4 Nc8 36. Nd5+ Bxd5 37. cxd5 f6 38. h4 g5 39. h5 Kd6 40. Ke3
c4 41. Kd2 h6 1/2-1/2

[Event "12. Lichtenberger Sommer"]
[Site "Berlin"]
[Date "2013.08.24"]
[Round "8.29"]
[White "Albrecht, Rainer"]
[Black "Kupfer, Michael"]
[Result "1-0"]
[WhiteElo "2112"]
[BlackElo "2018"]
[PlyCount "45"]
[EventDate "2013.??.??"]
[WhiteTeam "SC Kreuzberg e.V."]
[BlackTeam "SC Friesen Lichtenberg e.V."]

1. d4 d5 2. c4 e6 3. Nc3 c5 4. cxd5 exd5 5. Nf3 Nc6 6. dxc5 d4 7. Na4 b5 8.
cxb6 axb6 9. e3 Bb4+ 10. Bd2 d3 11. Bxb4 Nxb4 12. Nd4 Bf5 13. Nxf5 Nc2+ 14. Kd2
Nf6 15. Bxd3 Nxa1 16. Nc3 b5 17. Qxa1 b4 18. Nb5 O-O 19. Ke2 Ra5 20. a4 Qa8 21.
b3 Rd8 22. f3 Kf8 23. Bc4 1-0

[Event "12. Lichtenberger Sommer"]
[Site "Berlin"]
[Date "2013.08.24"]
[Round "8.30"]
[White "Kollberg, Lothar"]
[Black "Kather, Yannick"]
[Result "1/2-1/2"]
[WhiteElo "2214"]
[BlackElo "1943"]
[PlyCount "130"]
[EventDate "2013.??.??"]
[WhiteTeam "SC Rotation Pankow e.V."]
[BlackTeam "SC Weisse Dame e.V."]

1. d4 Nf6 2. c4 g6 3. g3 c6 4. Bg2 d5 5. Nf3 Bg7 6. O-O O-O 7. Qa4 Nbd7 8. cxd5
cxd5 9. Nc3 Nb6 10. Qd1 Ne4 11. Nxe4 dxe4 12. Nd2 f5 13. Nb3 Nd5 14. Bf4 Nxf4
15. gxf4 b6 16. e3 Ba6 17. Re1 Rc8 18. Nd2 e6 19. Qa4 Bd3 20. Rac1 Qe7 21. f3
g5 22. fxe4 gxf4 23. Qb3 fxe4 24. Rxc8 Rxc8 25. Bxe4 fxe3 26. Qxd3 Qg5+ 27. Kh1
exd2 28. Rd1 Rc1 29. Bf3 Rxd1+ 30. Bxd1 Qd5+ 31. Bf3 Qxd4 32. Qb3 Qd6 33. Bg4
Qd5+ 34. Qxd5 exd5 35. b3 Be5 36. Kg2 Kg7 37. h4 Kf6 38. Kf1 Bf4 39. Ke2 Ke5
40. Kd3 h6 41. Bf3 Kd6 42. Kd4 Bg3 43. h5 Bf4 44. a4 a6 45. Bd1 b5 46. axb5
axb5 47. Be2 b4 48. Bf3 Bg5 49. Be2 Bf6+ 50. Kd3 Bc3 51. Bd1 Ke5 52. Bf3 Kf4
53. Bd1 Kg3 54. Ke2 Kg2 55. Bc2 Kg3 56. Bd1 Kg4 57. Kd3+ Kg5 58. Bf3 Kf4 59.
Bd1 d4 60. Ke2 Kg3 61. Bc2 Kg4 62. Bg6 Kg5 63. Be8 d3+ 64. Kd1 Kf6 65. Bg6 Ke5
1/2-1/2

[Event "12. Lichtenberger Sommer"]
[Site "Berlin"]
[Date "2013.08.24"]
[Round "8.31"]
[White "Sappok, Marius"]
[Black "Lassan, Christian"]
[Result "1/2-1/2"]
[WhiteElo "1971"]
[BlackElo "2102"]
[PlyCount "61"]
[EventDate "2013.??.??"]
[WhiteTeam "SC Zugzwang 95 e.V."]
[BlackTeam "BSV 63 Chemie Weißensee"]

1. Nf3 Nf6 2. c4 e6 3. g3 d5 4. Bg2 Be7 5. O-O O-O 6. d4 dxc4 7. Ne5 c5 8. Na3
Nd5 9. Naxc4 b5 10. Ne3 Bb7 11. Nxd5 Bxd5 12. e4 Bb7 13. dxc5 Bxc5 14. Qe2 Qb6
15. a4 bxa4 16. Rxa4 Ba6 17. Nc4 Qb5 18. Qc2 Nc6 19. Na3 Bxa3 20. bxa3 e5 21.
Be3 Qd3 22. Qxc6 Bb5 23. Qd5 Qxd5 24. exd5 Bxa4 25. d6 Rac8 26. Bb7 Rb8 27. Bd5
Rfd8 28. Bc5 Rb5 29. Rc1 Rb2 30. Bxa7 Rd2 31. Bb6 1/2-1/2

[Event "12. Lichtenberger Sommer"]
[Site "Berlin"]
[Date "2013.08.24"]
[Round "8.33"]
[White "Heerde, Thomas"]
[Black "Hörmann, David"]
[Result "0-1"]
[WhiteElo "2011"]
[BlackElo "1907"]
[PlyCount "74"]
[EventDate "2013.??.??"]
[WhiteTeam "SC Weisse Dame e.V."]
[BlackTeam "SC Weisse Dame e.V."]

1. Nf3 c5 2. g3 Nc6 3. Bg2 g6 4. O-O Bg7 5. d3 d6 6. Nbd2 e5 7. c3 Nge7 8. a3
O-O 9. e4 h6 10. b4 Be6 11. Nb3 b6 12. Bb2 Rc8 13. b5 Nb8 14. d4 Bc4 15. a4
Bxf1 16. Bxf1 c4 17. Nc1 f5 18. dxe5 fxe4 19. Nd2 d5 20. f4 Nd7 21. Ne2 Nf5 22.
Bh3 Nc5 23. Ba3 Rf7 24. Nd4 Bf8 25. Nc6 Rxc6 26. bxc6 Qc7 27. a5 bxa5 28. Rb1
Qxc6 29. Qe2 Na4 30. Rb8 Nxc3 31. Qg4 Kg7 32. Bb2 Qc5+ 33. Kh1 Qd4 34. Nf1 Bc5
35. Ne3 Qxe3 36. Rg8+ Kxg8 37. Qxg6+ Ng7 0-1

[Event "12. Lichtenberger Sommer"]
[Site "Berlin"]
[Date "2013.08.24"]
[Round "8.34"]
[White "Ciolek, Andreas"]
[Black "Mohrmann, Ralf"]
[Result "0-1"]
[WhiteElo "1888"]
[BlackElo "1996"]
[PlyCount "88"]
[EventDate "2013.??.??"]
[WhiteTeam "SK Singen"]
[BlackTeam "SC Weisse Dame e.V."]

1. d4 Nf6 2. c4 g6 3. g3 Bg7 4. Bg2 O-O 5. Nc3 d6 6. Nf3 Nc6 7. O-O a6 8. h3
Rb8 9. e4 e5 10. Be3 b5 11. Qd3 exd4 12. Nxd4 Ne5 13. Qe2 c5 14. Nf3 Nxc4 15.
e5 dxe5 16. Bxc5 Re8 17. Ng5 Qc7 18. b4 Bb7 19. Bxb7 Rxb7 20. a4 h6 21. axb5
axb5 22. Nxb5 Rxb5 23. Qxc4 Rxc5 24. Qxc5 Qxc5 25. bxc5 hxg5 26. Rfc1 Rc8 27.
c6 Rc7 28. Ra8+ Bf8 29. Kf1 Kg7 30. Ke2 g4 31. hxg4 Nxg4 32. Ra6 f5 33. Rd1 Nf6
34. Rb6 Kh6 35. f4 exf4 36. gxf4 Bc5 37. Ra6 Kg7 38. Rc1 Bd6 39. Kf3 Kf7 40.
Rb6 Nd5 41. Rb7 Nxf4 42. Rd1 Ke6 43. Rxd6+ Kxd6 44. Kxf4 Rxb7 0-1

[Event "12. Lichtenberger Sommer"]
[Site "Berlin"]
[Date "2013.08.24"]
[Round "8.35"]
[White "Pronobis, Wiktor"]
[Black "Heuser, Philip"]
[Result "1/2-1/2"]
[WhiteElo "1892"]
[BlackElo "2123"]
[PlyCount "113"]
[EventDate "2013.??.??"]
[WhiteTeam "SC Weisse Dame e.V."]
[BlackTeam "SG Heidelberg-Kirchheim"]

1. c4 c6 2. g3 d5 3. Bg2 Nf6 4. Nf3 Bf5 5. cxd5 cxd5 6. Qb3 Qc7 7. Nc3 e6 8. d3
Nc6 9. O-O Be7 10. Bf4 Qd7 11. Rac1 O-O 12. Ne5 Nxe5 13. Bxe5 Ng4 14. Bf4 g5
15. Bd2 Bg6 16. Na4 Rac8 17. Nc3 h6 18. a4 Ne5 19. Nb5 Nc6 20. Bc3 Rfd8 21. Nd4
b6 22. Rfd1 Nxd4 23. Bxd4 Rxc1 24. Rxc1 Rc8 25. Rc3 Rxc3 26. Bxc3 Qc7 27. Qd1
Bd6 28. Qd2 Be5 29. d4 Bd6 30. b3 Qc6 31. e3 a6 32. Bf1 b5 33. axb5 axb5 34. b4
f6 35. Bb2 Be8 36. Bd3 Kg7 37. Bc3 Bg6 38. Be2 Qa6 39. Bd1 Qa3 40. Be2 Qa4 41.
Qb2 Kf8 42. Bd2 Ke7 43. Qc3 Kd7 44. Kg2 Qa6 45. Bg4 h5 46. Be2 g4 47. h3 Be4+
48. Kh2 f5 49. h4 Qa4 50. Kg1 Qa6 51. Kf1 Qa4 52. Ke1 Qa6 53. Kd1 Bf3 54. Ke1
Bxe2 55. Kxe2 Qa2 56. Kf1 Qc4+ 57. Kg2 1/2-1/2

[Event "12. Lichtenberger Sommer"]
[Site "Berlin"]
[Date "2013.08.24"]
[Round "8.36"]
[White "Eichler, Jan-Christoph"]
[Black "Sechting, Martin"]
[Result "1-0"]
[WhiteElo "2012"]
[BlackElo "2054"]
[PlyCount "155"]
[EventDate "2013.??.??"]
[WhiteTeam "Schachclub Oranienburg e.V."]
[BlackTeam "SC Weisse Dame e.V."]

1. d4 Nf6 2. Nf3 e6 3. g3 c5 4. Bg2 Nc6 5. O-O Be7 6. c4 d5 7. Nc3 O-O 8. cxd5
exd5 9. Bg5 Be6 10. dxc5 d4 11. Bxf6 Bxf6 12. Ne4 Be7 13. Qa4 f5 14. Nd6 Bxd6
15. cxd6 Qxd6 16. Rfd1 Rad8 17. Rd2 Qc5 18. Rad1 b5 19. Qc2 Qb6 20. Ng5 Nb4 21.
Qc1 Bxa2 22. Qa1 Bb3 23. Qa3 Bxd1 24. Rxd1 a5 25. Qb3+ Kh8 26. Nf7+ Rxf7 27.
Qxf7 Qc5 28. Bh3 Rf8 29. Qd7 Nc6 30. Bg2 Ne5 31. Qxd4 Qxd4 32. Rxd4 Nc4 33. Rd5
Rb8 34. b3 Na3 35. Rxf5 g6 36. Rf7 Nc2 37. e3 a4 38. bxa4 b4 39. Rb7 Rd8 40.
Be4 Rd1+ 41. Kg2 Ne1+ 42. Kh3 Rd2 43. Rxb4 Rxf2 44. Rb3 Ra2 45. Bc6 Kg7 46.
Rb7+ Kh6 47. Rd7 Ra3 48. Re7 Nc2 49. e4 Nd4 50. Bb5 Nf3 51. Kg2 Nd4 52. Rf7
Ra2+ 53. Rf2 Ra3 54. Rd2 Nb3 55. Rd3 Ra2+ 56. Kh3 Nc5 57. Re3 Nxa4 58. e5 Nb6
59. e6 Nd5 60. e7 Nxe7 61. Rxe7 Ra5 62. Be2 Rc5 63. Rd7 Re5 64. Bf3 Rf5 65. Kg2
Ra5 66. g4 g5 67. Kg3 Ra4 68. Rd5 Kg6 69. Rd6+ Kg7 70. h4 gxh4+ 71. Kxh4 h6 72.
Re6 Rc4 73. Be4 Ra4 74. Kh5 Rb4 75. Rg6+ Kf7 76. Bf5 Rb2 77. Rxh6 Rh2+ 78. Kg5
1-0

[Event "12. Lichtenberger Sommer"]
[Site "Berlin"]
[Date "2013.08.24"]
[Round "8.37"]
[White "Engesser, Jonas"]
[Black "Godoj, Veit"]
[Result "0-1"]
[WhiteElo "1824"]
[BlackElo "2045"]
[PlyCount "76"]
[EventDate "2013.??.??"]
[WhiteTeam "SK Engen"]
[BlackTeam "SV Königsjäger Süd-West e.V."]

1. e4 c5 2. Nf3 Nc6 3. d4 cxd4 4. Nxd4 g6 5. Nc3 Bg7 6. Be3 Nf6 7. Bc4 O-O 8.
Bb3 a5 9. f3 d5 10. Nxc6 bxc6 11. exd5 cxd5 12. O-O e6 13. Qd2 Ba6 14. Rfe1 Re8
15. Qf2 Nd7 16. Na4 Bb5 17. c3 Qc7 18. Nb6 Nxb6 19. Bxb6 Qb7 20. Bc5 Red8 21.
Bd4 Bxd4 22. Qxd4 a4 23. Bd1 Bc4 24. Be2 Qxb2 25. Bxc4 dxc4 26. Reb1 Qe2 27.
Re1 Qd3 28. Qf6 Qf5 29. Qxf5 gxf5 30. Re5 Rd2 31. Rc5 Rb8 32. Rxc4 Rbb2 33.
Rxa4 Rxg2+ 34. Kh1 Rxh2+ 35. Kg1 h5 36. Ra8+ Kg7 37. a4 h4 38. a5 h3 0-1